EU plans to reform beef subsidies (Record no. 66103)
[ view plain ]
| 000 -LEADER | |
|---|---|
| fixed length control field | 00862cam a2200217 4500 |
| 001 - CONTROL NUMBER | |
| control field | WB3707-31 |
| 008 - FIXED-LENGTH DATA ELEMENTS--GENERAL INFORMATION | |
| fixed length control field | 000000n2001 000 0 eng u |
| 035 ## - SYSTEM CONTROL NUMBER | |
| System control number | (Sirsi) u110902 |
| 245 ## - TITLE STATEMENT | |
| Title | EU plans to reform beef subsidies |
| 260 ## - PUBLICATION, DISTRIBUTION, ETC. | |
| Date of publication, distribution, etc. | 2001 |
| 490 ## - SERIES STATEMENT | |
| Series statement | Financial Times |
| Volume/sequential designation | 13 February 2001, 10(1) |
| 520 ## - SUMMARY, ETC. | |
| Summary, etc. | The EU has produced a range of reforms for beef subsidies in an attempt to reduce the beef mountain caused by the BSE crisis. The subsidies will be dependent on farmers guaranteeing their animals are raised less intensively. The reforms aim to support livestock farmers while cutting back production. |
| 590 ## - LOCAL NOTE (RLIN) | |
| Local note | WB |
| 650 ## - SUBJECT ADDED ENTRY--TOPICAL TERM | |
| Topical term or geographic name entry element | BSE INQUIRY |
| 650 ## - SUBJECT ADDED ENTRY--TOPICAL TERM | |
| Topical term or geographic name entry element | EU SUBSIDIES |
| 650 ## - SUBJECT ADDED ENTRY--TOPICAL TERM | |
| Topical term or geographic name entry element | LIVESTOCK FARMING |
| 650 ## - SUBJECT ADDED ENTRY--TOPICAL TERM | |
| Topical term or geographic name entry element | BEEF INDUSTRY |
| 650 ## - SUBJECT ADDED ENTRY--TOPICAL TERM | |
| Topical term or geographic name entry element | BOVINE SPONGIFORM ENCEPHALOPATHY |
| 690 ## - LOCAL SUBJECT ADDED ENTRY--TOPICAL TERM (OCLC, RLIN) | |
| Topical term or geographic name as entry element | RURAL-AGRICULTURE AND FORESTRY |
| 942 ## - ADDED ENTRY ELEMENTS (KOHA) | |
| Suppress in OPAC | 0 |
| Withdrawn status | Lost status | Source of classification or shelving scheme | Damaged status | Not for loan | Home library | Current library | Shelving location | Date acquired | Total Checkouts | Full call number | Barcode | Date last seen | Copy number | Price effective from | Koha item type |
|---|---|---|---|---|---|---|---|---|---|---|---|---|---|---|---|
| Dewey Decimal Classification | London | London | News article | 13/02/2001 | WB3707-31 | 110902-1001 | 06/08/2019 | 1 | 06/08/2019 | News article |